000 00418pab a2200157 454500
008 180718b2009 xxu||||| |||| 00| 0 eng d
100 _aBlundell, Richard et al.
245 _aOptimal income taxation of lone mothers: an empirical comparison of the UK and Germany
260 _c2009
300 _ap.101-21.
362 _aFeb
650 _aIncome tax
773 _aEconomic Journal
908 _aN
909 _a81508
999 _c81508
_d81508